Koh-Lanta : le quiz ULTIME - Statistiques

Statistiques générales
  • Ce quiz a été pris 283 fois
  • Le résultat moyen est 6 sur 16
Statistiques - réponses
Hint Réponse % Correct
Par combien d'aventuriers le record de l'épreuve des paresseux a été battu dans Koh-Lanta : La Légende ? 6
92%
Combien de saisons ont été tournées en Océanie ? 12
58%
Qui est le/la seul(e) à avoir atteint le conseil final lors de chacune de ses saisons ? Pascal
56%
Combien de jours a duré Koh-Lanta : Le Retour des Héros ? 21
52%
Qui est le/la premier(e) a avoir fait parti de l'équipe bleue ? Kelly
46%
Lors de quelle saison Denis sort son fameux "AH" ? Koh-Lanta Viet Nam
45%
Qui est éliminé suite à l'épreuve des poteaux lors de Koh-Lanta : Le Retour des Héros ? Filomène
37%
Qui abandonne au 2ème jour de Koh-Lanta Thaïlande ? Charlie
36%
Contre qui Christina gagne le duel des ambassadeurs lors de Koh-Lanta : Le Choc des Héros ? Taig Khris
36%
Qui est éliminé après une épreuve individuelle au 2ème jour de Koh-Lanta : La Revanche des Héros ? Fabienne
34%
Qui est le/la seul(e) à ne pas avoir voulu être présent dans le montage de l'émission ? Joëlle
31%
À combien d'épreuves individuelles Claude a-il participé ? 55
30%
Qui a écrit un livre intitulé : "La face cachée de mon Koh-Lanta" ? Ella
30%
Qui est le/la seul(e) à avoir réintégré l'aventure dans 2 saisons différentes ? Martin
28%
Quel est le temps du record de l'épreuve des paresseux ? 3h47
22%
Qui a abandonné après le plus grand nombre de jours sur une saison ? Adrien
15%
Aucun quiz correspondant
Distribution des résultats
% des personnes avec chaque résultat
Percentile par nombre de réponses
Votre historique - résultats
Vous n’avez pas pris ce quiz